000 00376nam a22001697a 4500
005 20160620143811.0
008 160620b xxu||||| |||| 00| 0 eng d
020 _a9780-07-058137-5
041 _aeng
082 _b8567
100 _aApte, P.G
_91160
245 _aInternational Financial Mgt
260 _bTMH
300 _a601
650 _aManagement
_9241
942 _cBK
999 _c3291
_d3290